[Event "Ïåðâåíñòâî Ìîñêâû ïî øàõìàòàì 2015 ñðåäè"]
[Site "Moscow"]
[Date "2015.11.20"]
[Round "9.2"]
[White "Ñàÿôàðîâà, Àííà."]
[Black "Ñåðåãèíà, Ìàðèÿ."]
[Result "1/2-1/2"]
[WhiteElo "1863"]
[BlackElo "1769"]
[PlyCount "84"]
[EventDate "2015.11.12"]

1. e4 c6 2. d4 d5 3. exd5 cxd5 4. Bd3 Nc6 5. c3 g6 6. Bf4 Bg7 7. Nf3 Nh6 8. O-O
f6 9. Qc2 e5 10. dxe5 fxe5 11. Re1 Nf7 12. Nxe5 Nfxe5 13. Bxe5 Nxe5 14. f4 O-O
15. fxe5 Qb6+ 16. Kh1 Bf5 17. Nd2 Rae8 18. Nf3 Bg4 19. Be2 Qc5 20. Qd2 Bxf3 21.
Bxf3 Rd8 22. Rad1 Kh8 23. e6 Rf5 24. h3 Bf6 25. Bg4 Rf2 26. Re2 Rxe2 27. Qxe2
Re8 28. Bf3 Rd8 29. Qd3 d4 30. c4 Qb6 31. Qe2 d3 32. Rxd3 Rxd3 33. Qxd3 Qxe6
34. Qe4 Qxe4 35. Bxe4 b6 36. b3 Bd4 37. Kh2 Kg7 38. Kg3 Kf6 39. Kf4 h5 40. Bd5
Bc5 41. Ke4 g5 42. Kd3 a5 1/2-1/2

[Event "Ïåðâåíñòâî Ìîñêâû ïî øàõìàòàì 2015 ñðåäè"]
[Site "Moscow"]
[Date "2015.11.20"]
[Round "9.3"]
[White "Î÷íåâà, Èíãà."]
[Black "Îáîëåíöåâà, Àëåêñàíäðà."]
[Result "1/2-1/2"]
[WhiteElo "1963"]
[BlackElo "2118"]
[PlyCount "82"]
[EventDate "2015.11.12"]

1. e4 c5 2. c3 Nf6 3. e5 Nd5 4. d4 cxd4 5. cxd4 d6 6. Nf3 Nc6 7. Bc4 Nb6 8. Bb5
Bd7 9. exd6 e6 10. Bg5 Qb8 11. Nc3 a6 12. Bd3 Nb4 13. Be4 Bxd6 14. O-O h6 15.
Be3 N4d5 16. Bd2 O-O 17. Qb3 Nxc3 18. bxc3 Bb5 19. Rfe1 Qc7 20. Rab1 Rac8 21.
h3 Kh8 22. Ne5 Bxe5 23. dxe5 Rfd8 24. Be3 Na4 25. c4 Qxc4 26. Bxb7 Rc7 27. Bf3
Rdc8 28. Qxc4 Bxc4 29. a3 Bb5 30. Rbc1 Nb2 31. Bb7 Rxc1 32. Bxc1 Nd3 33. Bxc8
Nxe1 34. f4 Nd3 35. Be3 a5 36. g3 Nb2 37. Bc5 Nc4 38. Bb7 Kg8 39. Kf2 f6 40.
exf6 gxf6 41. f5 exf5 1/2-1/2

[Event "Ïåðâåíñòâî Ìîñêâû ïî øàõìàòàì 2015 ñðåäè"]
[Site "Moscow"]
[Date "2015.11.20"]
[Round "9.4"]
[White "Çàõàðîâà, Àííà."]
[Black "Ñàâåëüåâà, Àíàñòàñèÿ."]
[Result "1-0"]
[WhiteElo "1863"]
[BlackElo "1393"]
[PlyCount "131"]
[EventDate "2015.11.12"]

1. d4 d5 2. c4 e6 3. g3 Nf6 4. Nf3 c5 5. cxd5 cxd4 6. dxe6 Bxe6 7. Qxd4 Nc6 8.
Qxd8+ Rxd8 9. Bg2 Nb4 10. Na3 Bc5 11. O-O O-O 12. b3 Rfe8 13. e3 Nd3 14. Nb5
Rd7 15. Nbd4 Bd5 16. Rd1 Bxf3 17. Nxf3 Ne4 18. Rf1 Red8 19. a3 Be7 20. Nd4 Nec5
21. b4 Na4 22. Rd1 Ne5 23. f4 Nc4 24. Bf1 Nab6 25. Bh3 Rd6 26. Bd2 Nxd2 27.
Rxd2 Bf6 28. Rc1 Bxd4 29. Rxd4 Rxd4 30. exd4 Rxd4 31. Rc7 Rd1+ 32. Bf1 Rd7 33.
Rc5 g6 34. Kf2 a6 35. Ke3 Kf8 36. Bg2 Ke7 37. Bh3 f5 38. Bg2 Ke6 39. h3 Nd5+
40. Bxd5+ Rxd5 41. Rc7 Rd7 42. Rc8 Kd5 43. Rc5+ Ke6 44. Re5+ Kd6 45. Kd4 Kc6+
46. Kc3 Rd5 47. Re8 Rd7 48. g4 Rf7 49. g5 Rd7 50. h4 Kd5 51. Re5+ Kc6 52. a4
Kd6 53. Kc4 Rc7+ 54. Kd4 Rc1 55. Re8 Rf1 56. Rd8+ Kc6 57. Ke5 Re1+ 58. Kf6 Re4
59. h5 gxh5 60. Kxf5 Re7 61. Rd2 b5 62. a5 Kc7 63. Rh2 Kd6 64. Rxh5 Kd5 65. Kf6
Rc7 66. g6+ 1-0